Central Library OPAC University of Rajshahi

The Government and the people 1939-1941 / (Record no. 24637)

MARC details
000 -LEADER
fixed length control field 00872cam a22002771 4500
001 - CONTROL NUMBER
control field 24637
003 - CONTROL NUMBER IDENTIFIER
rucl marc code BD-RjUL
005 - DATE AND TIME OF LATEST TRANSACTION
control field 20211209001058.0
008 - FIXED-LENGTH DATA ELEMENTS--GENERAL INFORMATION
fixed length control field 140315s1952 at a 001 0 eng d
035 ## - SYSTEM CONTROL NUMBER
System control number (BD-RjUL)24706
System control number (OCoLC)3463225
040 ## - CATALOGING SOURCE
Original cataloging agency DLC
Transcribing agency OC
Modifying agency OCoLC
-- DLC
-- BD-RjUL
Language of cataloging eng
041 ## - LANGUAGE CODE
Language code of text/sound track or separate title eng
082 00 - DEWEY DECIMAL CLASSIFICATION NUMBER
Classification number 940.5394
Author mark and year HAG 1952
100 1# - MAIN ENTRY--PERSONAL NAME
Personal name Hasluck, Paul,
9 (RLIN) 75819
245 14 - TITLE STATEMENT
Title The Government and the people 1939-1941 /
Statement of responsibility, etc. Paul Hasluck,
260 ## - PUBLICATION, DISTRIBUTION, ETC. (IMPRINT)
Place of publication, distribution, etc. Canberra :
Name of publisher, distributor, etc. Australian War Memorial,
Date of publication, distribution, etc. 1952
300 ## - PHYSICAL DESCRIPTION
Pagination xvii,644p. :
Illustrations illus., ports. ;
Size 24 cm.
504 ## - BIBLIOGRAPHY, ETC. NOTE
Bibliography, etc Includes Index
505 1# - FORMATTED CONTENTS NOTE
Formatted contents note [1] 1939-1941.
650 #0 - SUBJECT ADDED ENTRY--TOPICAL TERM
Topical term or geographic name as entry element World War, 1939-1945
Geographic subdivision Australia.
9 (RLIN) 74854
942 ## - ADDED ENTRY ELEMENTS (KOHA)
Source of classification or shelving scheme Dewey Decimal Classification
Koha item type Books
Holdings
Lost status Source of classification or shelving scheme Damaged status Not for loan Collection code Permanent Location Current Location Shelving location Date acquired Source of acquisition Total Checkouts Full call number Date last seen Copy number Koha item type
  Dewey Decimal Classification   Added to bundle Non-fiction Central Library, University of Rajshahi Central Library, University of Rajshahi Reading Room 18/03/1959 Colombo plan Gift   940.5394 HAG 1952 15/03/2014 C-1 Books